000
00328nam a22001457a 4500
003
OSt
005
20160727222523.0
008
160709b xxu||||| |||| 00| 0 eng d
040
_c
TEST
100
_9
2503
_a
Kumar, K
245
_a
Library Manual
260
_a
N.D
_b
Vikas
_c
2005
300
_a
Library Manual
942
_2
ddc
_c
BK
999
_c
2170
_d
2170